01671nam a2200337 a 450000100100000000500170001000800410002704000250006808200150009324500750010825000120018326000690019530000280026449000300029249000690032250400320039158600410042359000620046450000470052670000440057370000380061770000410065570000350069670000390073183000780077083000390084895201190088795201130100695201970111999900170131600004564420201002052349.0150421s1981 dr a 000 0 spa d aDO-SdBNPbspacBNPHU axxxxbxxxx00aExperiencias didacticas /cYolanda Fernández de Perdomo... [et. al]. a2da ed. aSanto Domingo :bUniversidad Autónoma de Santo Domingo,c1981. a524 p. :bil. ;c21 cm.1 aEducación y sociedadv31 aPublicaciones de la Universidad Autónoma de Santo Domingov235 aBibliografía : p. 519-524 aPremio Nacional de Didáctica, 1977 aPerteneció a la biblioteca personal de Erick Lendestoy. aIncluye datos biográficos de las autoras12aFernández de Perdomo, Yolanda.93668612aNivar De Fernández, Nora93669312aPereyra de Torres, Ana Teresa93669412aAybar de Cruz, Consuelo93668912aDíaz de Pérez, Cristina936695 0aPublicaciones de la Universidad Autónoma de Santo Domingo ;n235936691 0aEducación y sociedad ;n3936692 0010718PDaPDbPDcCTd2015-04-21iLF1l0oxxxx xxxxp45644-10r2020-06-25w2020-06-25yLFPDz590 ZNo se presta 0010718PDaPDbPDcHDd2015-04-21iLF1l0oxxxx xxxxp45645-10r2020-06-25w2020-06-25yLFPDZNo se presta 0010718PDaPDbPDcHDd2015-08-11iLF1l0oxxxx xxxxp45645-20r2020-06-25te. 2w2020-06-25yLFPDzPerteneció a la biblioteca personal de Chiqui Vicioso / Fidelio Despradel.ZNo se presta c45133d45133